[Event "Lozovatsky Memorial-A 2019"]
[Site "Chelyabinsk"]
[Date "2019.01.16"]
[Round "5"]
[White "Khanin, Semen"]
[Black "Gutenev, Alexander"]
[Result "1-0"]
[WhiteElo "2514"]
[BlackElo "2456"]
[Annotator "TA"]
[PlyCount "73"]
[EventDate "2019.01.12"]
[EventType "tourn"]
[EventCountry "RUS"]
[SourceTitle "playchess.com"]
[Source "ChessBase"]
[SourceQuality "1"]

{[%evp 27,73,80,100,76,71,76,81,79,100,96,100,100,93,69,95,101,131,133,246,232,230,211,218,208,239,219,207,233,261,260,365,348,363,365,365,362,340,357,351,349,344,335,344,342,329,310,1020,1002]} 1. e4 c5 2. Nf3 Nc6 3. d4 cxd4 4. Nxd4 Nf6 5. Nc3 d6 6. Bg5 e6 7. Qd2 Be7 8. O-O-O O-O 9. f4 Nxd4 10. Qxd4 Qa5 11. Be2 Rd8 {B65: Sicilian: Richter-Rauzer: 7...Be7 8 0-0-0 0-0 9 f4 Nxd4} 12. e5 dxe5 13. Qxe5 Qb6 14. f5 Bd7 {LiveBook: 3 Games} 15. fxe6 Bxe6 {[#]} 16. Be3 $146 ({Predecessor:} 16. Bf3 Nd7 17. Qg3 Nf6 18. Bh6 Bf8 19. Bf4 Rxd1+ 20. Rxd1 {1-0 (36) David,A (2546)-Aranovitch,E (2357) Gallipoli 2017}) 16... Qc6 17. Bf3 Qc4 18. Rxd8+ Rxd8 19. Bxa7 Ng4 20. Qe4 {[#] Threatens to win with Qxc4.} Qxe4 21. Bxe4 Bf6 22. Rd1 Rc8 (22... Rxd1+ $16 {was called for.} 23. Kxd1 Nxh2) 23. h3 $18 Ne5 24. Bxb7 Rc7 25. Bb8 Rxb7 26. Bxe5 $1 Bg5+ 27. Kb1 h5 28. a4 Bd7 (28... Rd7 $142 29. Rxd7 Bxd7) 29. Ne4 Be7 30. Bd6 Bxd6 31. Rxd6 ({Resist} 31. Nxd6 Rb8 $18) 31... Bxa4 {[%mdl 4096] Endgame KRB-KRN} 32. Nc5 Ra7 33. Nxa4 Rxa4 34. c3 Kf8 35. b4 Ke7 36. Rd5 g6 $2 {[#]} (36... Ra7 37. Rxh5 Kd6) 37. Ra5 {Precision: White = 98%, Black = 33%.} 1-0

[Event "Lozovatsky Memorial-A 2019"]
[Site "Chelyabinsk"]
[Date "2019.01.16"]
[Round "5"]
[White "Drygalov, Andrey"]
[Black "Simantsev, Mikhail"]
[Result "1-0"]
[WhiteElo "2485"]
[BlackElo "2401"]
[Annotator "TA"]
[PlyCount "119"]
[EventDate "2019.01.12"]
[EventType "tourn"]
[EventCountry "RUS"]
[SourceTitle "playchess.com"]
[Source "ChessBase"]
[SourceQuality "1"]

{[%evp 20,119,25,20,25,33,26,31,31,15,37,44,39,31,33,41,66,62,54,67,79,77,77,77,77,83,79,75,75,49,54,43,64,63,48,41,76,46,100,98,155,150,152,154,166,158,159,159,160,160,160,161,161,161,161,161,160,160,160,154,172,158,195,195,195,195,195,195,335,338,379,399,464,470,492,429,483,435,407,324,617,610,609,582,603,555,601,516,913,1106,1306,1287,1108,1404,1976,1802,1442,1147,1008,990,995,991]} 1. e4 e5 2. Nf3 Nc6 3. Bc4 Bc5 4. O-O Nf6 5. d3 d6 6. a4 a6 {C50: Hungarian Defence and Giuoco Pianissimo} 7. c3 Ba7 8. Nbd2 O-O 9. h3 h6 10. Re1 Re8 11. b4 {LiveBook: 42 Games} (11. Nf1 Be6 12. Bxe6 Rxe6 13. Be3 Bxe3 14. Nxe3 d5 {½-½ (32) Anand,V (2768)-Grischuk,A (2766) Saint Louis 2018}) 11... Be6 12. Bxe6 Rxe6 13. Qc2 Ne7 $146 14. Nf1 Ng6 15. Ng3 d5 16. c4 dxc4 17. dxc4 Qf8 18. Bd2 Rd8 19. a5 Qd6 20. c5 Qc6 21. Qc4 Ree8 22. Bc3 Qd7 23. Rac1 c6 24. Nf5 Bb8 25. g3 Qd3 26. Qxd3 Rxd3 27. Kg2 Nh7 28. Nd2 {[%cal Bf3d2,Bd2c4,Bc4d6][%mdl 32]} f6 (28... Ne7 $1 $14) 29. Nc4 $16 Red8 (29... Nhf8 $142) 30. Nfd6 Bxd6 31. Nxd6 Rd7 32. h4 Nh8 {[#]} 33. Kf1 $1 Nf7 34. Ke2 R3xd6 35. cxd6 Nxd6 36. Red1 {Strongly threatening b5!} Nf8 37. f3 {[%cal Bf2f3,Bf3f4,Bf4f5][%mdl 32]} Kf7 38. Rd3 Ke6 39. Rcd1 Nb5 40. f4 Rxd3 41. Kxd3 {[%mdl 4096] Endgame KRB-KNN} ({Don't play} 41. Rxd3 Nd7 $16) 41... Nd7 42. f5+ Ke7 43. Be1 c5 (43... Nd6 $142 44. Bf2 Ke8) 44. Rc1 $18 Kd6 45. bxc5+ Nxc5+ 46. Ke3 Nd4 47. Bb4 Ndb3 48. Rd1+ Kc7 49. g4 b6 $2 (49... Nd7 50. g5 Nd4) 50. axb6+ {White is clearly winning.} Kxb6 {[#]} 51. g5 $1 {[%mdl 512]} hxg5 (51... fxg5 52. hxg5) 52. hxg5 a5 53. Bc3 Kc6 (53... Kb5 $142 54. gxf6 gxf6) 54. g6 a4 55. Rd8 a3 56. Ra8 Kb5 57. Rxa3 Kc4 58. Be1 Nd4 59. Rc3+ Kb5 60. Rc1 {Accuracy: White = 91%, Black = 40%.} 1-0

[Event "Lozovatsky Memorial-A 2019"]
[Site "Chelyabinsk"]
[Date "2019.01.16"]
[Round "5"]
[White "Drygalov, Sergey"]
[Black "Korneev, Oleg"]
[Result "1/2-1/2"]
[WhiteElo "2442"]
[BlackElo "2545"]
[Annotator "TA"]
[PlyCount "32"]
[EventDate "2019.01.12"]
[EventType "tourn"]
[EventCountry "RUS"]
[SourceTitle "playchess.com"]
[Source "ChessBase"]
[SourceQuality "1"]

{[%evp 25,32,25,22,0,1,10,10,0,15]} 1. d4 d5 2. c4 c6 3. Nf3 Nf6 4. Nc3 e6 5. Bg5 Nbd7 6. e3 Qa5 7. cxd5 Nxd5 8. Qd2 Bb4 9. Rc1 b6 {D52: Queen's Gambit Declined: Cambridge Springs Variation} 10. Bd3 (10. a3 Bxc3 11. bxc3 h6 12. Bh4 c5 13. c4 Qxd2+ 14. Nxd2 Ne7 15. f3 Ba6 16. Be2 f5 17. O-O {1-0 (49) So,W (2822)-Dreev,A (2651) chess.com INT 2017}) 10... h6 11. Bh4 Ba6 12. O-O O-O 13. Bxa6 Qxa6 {LiveBook: 4 Games} 14. Qe2 {The position is equal.} Qxe2 15. Nxe2 Rfc8 {[#]} 16. Rc2 $146 ({Predecessor:} 16. Rfd1 f5 17. Bg3 Be7 18. Ne5 Nxe5 19. Bxe5 {½-½ (49) Delchev,A (2629)-Danielian,E (2454) Cento 2011}) 16... Be7 1/2-1/2

[Event "Lozovatsky Memorial-A 2019"]
[Site "Chelyabinsk"]
[Date "2019.01.16"]
[Round "5"]
[White "Slizhevsky, Alexander"]
[Black "Sivuk, Vitaly"]
[Result "1/2-1/2"]
[WhiteElo "2428"]
[BlackElo "2552"]
[Annotator "TA"]
[PlyCount "116"]
[EventDate "2019.01.12"]
[EventType "tourn"]
[EventCountry "RUS"]
[SourceTitle "playchess.com"]
[Source "ChessBase"]
[SourceQuality "1"]

{[%evp 17,116,79,72,28,37,20,56,60,112,92,85,27,25,22,13,0,6,4,15,10,6,0,0,0,34,34,42,40,67,49,34,43,32,30,50,28,31,24,34,38,35,23,30,19,29,23,36,23,20,8,8,8,8,8,8,8,8,0,5,8,8,8,8,0,3,3,8,8,8,8,8,8,8,8,8,3,30,30,30,30,40,40,40,30,36,39,40,40,40,40,49,30,32,30,41,29,28,0,49,0,29]} 1. e4 c5 2. Nf3 d6 3. d4 cxd4 4. Nxd4 Nf6 5. Nc3 a6 6. Be2 g6 7. g4 {B92: Sicilian Najdorf: 6 Be2} (7. Be3 Bg7 8. Qd2 Nbd7 9. g4 d5 10. exd5 Nb6 11. O-O-O Bxg4 12. f3 Bd7 13. Nb3 Nc8 14. Ne4 Nd6 15. Nbc5 O-O 16. Nxf6+ Bxf6 {½-½ (58) Eljanov,P (2755)-Jobava,B (2713) Malmo 2017}) 7... Bg7 8. g5 Nfd7 9. Be3 b5 {LiveBook: 3 Games} 10. a3 Bb7 11. Qd2 Nb6 12. h4 d5 $146 (12... N8d7 $14) ({Predecessor:} 12... N8d7 13. h5 Rg8 14. hxg6 {½-½ (14) Svidler,P (2650)-Xu,J (2505) Yerevan 1996}) 13. h5 (13. f4 {is interesting.} Nc4 14. Bxc4 dxc4 15. O-O-O Nc6 16. Qf2) 13... dxe4 14. hxg6 (14. O-O-O $16) 14... hxg6 $11 15. Rxh8+ Bxh8 16. Ndxb5 Qxd2+ $1 17. Kxd2 axb5 18. Bxb6 b4 $1 {[%cal Rb4c3]} 19. Nb5 Bxb2 20. Ra2 Bc3+ 21. Nxc3 bxc3+ 22. Kxc3 Ba6 23. Bxa6 (23. Bc4 {seems wilder.} Bxc4 24. Kxc4 Nd7 25. Be3 Ne5+ 26. Kd4) 23... Rxa6 $14 {[%mdl 4096] Endgame KRB-KRN} 24. Be3 Nc6 25. Kc4 {aiming for Kb5.} Kd7 26. a4 Ra5 $1 27. Ra1 Kc7 28. Kb3 f5 29. gxf6 exf6 30. Bf4+ Kb7 31. Rd1 Rf5 32. Be3 Kc7 33. Kc4 Ne5+ 34. Kd4 Ng4 35. Rg1 Nxf2 36. Rxg6 Nd1 37. Bg1 Ra5 38. Kxe4 Rxa4+ 39. Kd3 Ra3+ 40. Kd4 Nc3 41. Bh2+ Kd7 42. Rxf6 Ne2+ 43. Ke4 Nc3+ 44. Ke5 Ra2 45. Rf2 Nb5 46. Kd5 Nc7+ 47. Kc4 {[#] Threatens to win with Kb3.} Ne6 48. Rd2+ Kc8 49. Kb3 Ra6 50. Bd6 Kb7 51. Bb4 Kc7 52. c3 Rc6 53. Rd5 Kb6 54. Ba5+ Ka6 55. Kb4 Nf4 56. Rd8 Ne6 57. Rd5 Nf4 58. Rd8 Ne6 {Accuracy: White = 46%, Black = 71%.} 1/2-1/2

[Event "Lozovatsky Memorial-A 2019"]
[Site "Chelyabinsk"]
[Date "2019.01.17"]
[Round "6"]
[White "Korneev, Oleg"]
[Black "Tosic, Miroslav"]
[Result "1-0"]
[WhiteElo "2545"]
[BlackElo "2360"]
[Annotator "TA"]
[PlyCount "77"]
[EventDate "2019.01.12"]
[EventType "tourn"]
[EventCountry "RUS"]
[SourceTitle "playchess.com"]
[Source "ChessBase"]
[SourceQuality "1"]

{[%evp 38,77,45,39,54,54,43,42,85,87,100,0,66,50,66,57,77,70,110,108,97,90,107,106,113,99,117,106,121,99,187,192,235,235,235,214,281,264,257,219,315,318]} 1. e4 e5 2. Nf3 Nc6 3. Bb5 a6 4. Ba4 Nf6 5. O-O Be7 6. Re1 b5 7. Bb3 d6 8. c3 O-O 9. h3 Na5 10. Bc2 c5 11. d4 Qc7 12. Nbd2 cxd4 13. cxd4 Nc6 14. Nb3 a5 15. Be3 a4 16. Nbd2 Bd7 17. Rc1 Qb7 18. Nf1 {C99: Closed Ruy Lopez: Chigorin Defence: 11 d4 Qc7 12 Nbd2 cxd4} Rfe8 (18... Rfc8 19. Ng3 Bd8 20. Bb1 Bb6 21. a3 Qa7 22. dxe5 Nxe5 23. Rxc8+ Rxc8 24. Nxe5 dxe5 25. Ba2 Rc6 {1-0 (50) Kokarev,D (2643)-Sjugirov,S (2670) Khanty-Mansiysk 2016}) 19. Ng3 h6 20. Qe2 {LiveBook: 3 Games. White is slightly better.} Bf8 {[#]} 21. d5 $146 ({Predecessor:} 21. Bb1 Na5 22. Nd2 Nc6 23. d5 Ne7 24. Bd3 g6 25. Nb1 Bg7 {0-1 (58) Kantans,T (2509)-Beukema,S (2396) Batumi 2018}) 21... Ne7 22. Nh4 Kh8 23. Qf3 Neg8 24. Nh5 (24. Bd2 $16) 24... Be7 (24... Nxh5 $1 $11 25. Qxh5 (25. Qxf7 Nhf6 $11) 25... Be7) 25. Nxf6 Bxf6 26. Nf5 Bxf5 27. Qxf5 a3 28. bxa3 g6 29. Qf3 {Threatens to win with Bxh6.} Kg7 30. Rb1 Rec8 31. Rb2 Qa6 32. Bd2 {[%cal Be3d2,Bd2b4,Bb4d6][%mdl 32]} Bg5 33. Bb4 $36 {[%mdl 2048] White is really pushing.} Nf6 (33... Bd8 $16) 34. Bd3 $18 Nd7 {[#]} 35. a4 $1 {[%mdl 512]} Qxa4 36. Bxd6 Qd4 {[#]} 37. Qe2 $1 (37. Rxb5 Ra6 $14) (37. Bxb5 Qxb2 38. Bxd7 Rc1 $17) 37... Ra6 38. Bb4 Rb6 (38... Rf6 $142) 39. Bxb5 {Accuracy: White = 89%, Black = 44%.} 1-0

[Event "Lozovatsky Memorial-A 2019"]
[Site "Chelyabinsk"]
[Date "2019.01.17"]
[Round "6"]
[White "Khanin, Semen"]
[Black "Drygalov, Andrey"]
[Result "0-1"]
[WhiteElo "2514"]
[BlackElo "2485"]
[Annotator "TA"]
[PlyCount "82"]
[EventDate "2019.01.12"]
[EventType "tourn"]
[EventCountry "RUS"]
[SourceTitle "playchess.com"]
[Source "ChessBase"]
[SourceQuality "1"]

{[%evp 14,82,27,0,8,12,28,36,32,0,32,32,49,51,57,45,43,59,49,57,48,41,50,50,72,74,85,98,86,49,38,18,13,0,0,-33,12,41,37,-174,-182,-180,-161,-152,-74,-74,-79,-82,-81,-164,-160,-160,-146,-160,-50,-50,-72,-110,-109,-644,-636,-639,-638,-623,-584,-600,-574,-6438,-5916,-5439,-1190]} 1. e4 c5 2. Nf3 d6 3. d4 cxd4 4. Nxd4 Nf6 5. Nc3 a6 6. Nb3 g6 {B90: Sicilian Najdorf: Unusual White 6th moves, 6 Be3 Ng4 and 6 Be3 e5} 7. Be2 Bg7 8. g4 {LiveBook: 23 Games} h6 {The position is equal.} 9. Be3 Nbd7 10. f3 b5 11. a3 Bb7 12. Qd2 Rc8 13. O-O-O Ne5 14. h4 {[#]} Nc4 $146 15. Bxc4 $1 bxc4 16. Nd4 {[%cal Bb3d4,Bd4e2,Be2f4][%mdl 32]} h5 17. g5 Nd7 18. Nde2 Ne5 19. Rhf1 O-O 20. Bd4 Qa5 21. Qe3 {Threatens to win with Bb6.} Qc7 22. Nf4 e6 23. Nfe2 Bc6 24. Qg1 Qb7 25. f4 Rb8 26. Nb1 $2 (26. fxe5 $14 {was forced to keep a grip.} dxe5 27. Be3) 26... Ng4 $19 ({And not} 26... Bxe4 27. fxe5 Bxe5 28. Qe3 $16) 27. Bxg7 Kxg7 28. Qd4+ e5 ({Better is} 28... Kh7 29. Ng3 Rfd8) 29. Qc3 $17 Bxe4 {Hoping for ...Bd3!} 30. Rxd6 {[#]} Ne3 $1 $36 {[%mdl 2560] Keeping White busy.} 31. Nd2 (31. Ng3 $17 Nxf1 32. Qxe5+ {[%mdl 64] Double Attack} f6 33. gxf6+ Kh6 34. Nxe4) (31. Qxe3 Qxb2+) 31... Bxc2 $19 32. Rf3 Bd3 $1 {[%cal Rd3e2]} 33. Ng3 Ng4 (33... Nd5 $1 $17 {[%cal Rd5c3]} 34. Qxe5+ {[%mdl 64] Double Attack} Kg8) 34. fxe5 $15 Kg8 {White must now prevent ...Nxe5!} 35. e6 {[#]} fxe6 $1 36. Rxe6 $2 {[%mdl 8192]} (36. Rxf8+ $17 Rxf8 37. Qd4) 36... Rxf3 $19 {Black is clearly winning.} 37. Nxf3 Qf7 ({Don't go for} 37... Qxf3 $2 {[#]} 38. Rxg6+ $1 {[%mdl 512]} Bxg6 39. Qxf3 $18) 38. Rxa6 Qf4+ {[%mdl 64] Double Attack} 39. Nd2 {With the idea Nge4!} Qe3 {[%cal Re3e1]} 40. b4 {And now Nge4! would win.} cxb3 {[%mdl 64] ( -> ...b2+). Discovered Attack} 41. Kb2 Bxa6 {Accuracy: White = 33%, Black = 53%.} (41... Nf2 $142 42. Rxg6+ Bxg6 43. Qxe3 Nd1+ {[%mdl 64] Double Attack} 44. Kc1 Nxe3) 0-1

[Event "Lozovatsky Memorial-A 2019"]
[Site "Chelyabinsk"]
[Date "2019.01.17"]
[Round "6"]
[White "Gutenev, Alexander"]
[Black "Sivuk, Vitaly"]
[Result "1/2-1/2"]
[WhiteElo "2456"]
[BlackElo "2552"]
[Annotator "TA"]
[PlyCount "268"]
[EventDate "2019.01.12"]
[EventType "tourn"]
[EventCountry "RUS"]
[SourceTitle "playchess.com"]
[Source "ChessBase"]
[SourceQuality "1"]

{[%evp 9,268,8,16,0,0,0,0,0,0,0,7,0,0,0,58,11,39,56,55,54,47,21,47,50,47,63,48,50,57,35,55,55,47,65,81,42,50,57,55,67,88,82,67,0,0,-16,-10,-43,-12,-117,-89,-143,-155,-123,-118,-114,-88,-131,-78,-98,-28,-27,-37,-25,-35,-78,-90,-116,-136,-154,-16,-254,-264,-376,-360,-401,-408,-379,-232,-200,-87,-97,-34,-50,-19,-20,-13,-13,-13,-13,-13,-18,-14,-14,-18,-18,-14,-14,-8,-8,-8,-8,-8,-8,-8,-8,-8,-8,-8,-8,-10,-9,-17,-18,-8,-8,-8,-8,-8,-8,-8,-8,-8,-8,-8,-8,0,0,0,-8,-8,-8,-8,-8,-8,-8,-8,-8,-8,-15,-14,-15,-15,-15,-15,-15,-8,-8,-8,-8,-8,-8,-8,-8,-8,-8,-8,-8,-8,-8,-8,-46,-46,-46,-46,-46,-46,-46,-46,-46,-8,-8,0,-46,-46,-46,-8,-8,-7,-7,0,-7,0,-8,0,-8,-8,-8,-8,-8,-8,-8,-8,-8,-8,-8,-8,-8,-8,-8,-8,-8,-8,-8,-8,-8,-8,-8,-8,-8,-8,-8,-8,-8,0,-8,-8,-8,-8,-8,-8,-8,-8,-8,-8,-8,-8,-8,-8,-8,-8,-8,-8,-8,-8,-8,0,0,0,0,0,0,0,0,0,0,0,0,0,0,0,0,0,0,0,0,0,0,0,0,0]} 1. e4 c5 2. Nc3 d6 3. d4 cxd4 4. Qxd4 Nc6 5. Qd2 g6 6. b3 {B23: Closed Sicilian: Lines without g3} Bh6 7. f4 Nf6 8. Bb2 O-O 9. O-O-O a5 10. a4 Nb4 11. Kb1 e5 $146 (11... Qb6 $11) 12. g3 d5 13. Nf3 Bg4 14. Be2 $1 Nxe4 15. Nxe4 dxe4 16. Nxe5 Qxd2 17. Rxd2 Bxe2 18. Rxe2 f5 $1 19. Rd1 Rfd8 20. Red2 Rxd2 21. Rxd2 g5 22. Rd6 Bg7 23. Nc4 Bf8 24. Rd7 gxf4 25. gxf4 Ra6 26. Ne3 (26. Rxb7 $14 Rh6 27. Rb8 (27. Nxa5 e3 $11)) 26... Rh6 $11 27. Rd2 Rh5 28. Be5 Nc6 29. Bb2 (29. Bd6 $11) 29... Bc5 $17 30. Nd5 (30. Nc4 $142) 30... Kf7 31. Rg2 {and if Rg7+ works, White does fine.} Bd4 32. c3 Bg7 33. Bc1 Bh6 (33... Bf8 $142 34. Be3 Bd6) 34. b4 Rh3 (34... axb4 $17 35. cxb4 Rh3) 35. bxa5 $1 $11 Nxa5 {aiming for ...Rd3.} 36. Rb2 Ke6 37. Rb5 Nc4 38. Nc7+ {[#]} Kd7 $1 39. Rb4 {[#]} Ne3 (39... Na3+ $1 $17 {[%mdl 512]} 40. Bxa3 Kxc7) 40. Bxe3 $2 (40. Rxb7 $11 {and White is okay.} Kc6 41. Ra7) 40... Kxc7 {[%mdl 4096] Endgame KRB-KRB} ({Less strong is} 40... Rxe3 41. Nd5 $11) 41. Rc4+ (41. Bb6+ $142 Kc6 42. Rb5) 41... Kd7 $19 42. Bc1 Rf3 43. Rb4 Kc8 44. Rb5 Bxf4 (44... e3 $19 {is more deadly.} 45. Rc5+ Kd7 46. Rd5+ Kc6 47. Rxf5 e2) 45. Rxf5 $17 Bxh2 (45... Bc7 $17 46. Rd5 Rxc3) 46. Rh5 Bd6 {Hoping for ...e3.} 47. Kc2 e3 {White must now prevent ...e2.} 48. Kd3 {[#]} e2+ $1 {[%mdl 512]} 49. Kxe2 Rxc3 50. Be3 Rc2+ 51. Kd3 Rh2 52. Rd5 Bc7 53. Rf5 Rh3 {Strongly threatening ...Bb6.} 54. Ke4 Bd6 55. Bd4 Kd7 56. Kd5 Be7 57. Rf7 Rh5+ 58. Be5 Ke8 59. Rf1 Rg5 60. Ke6 Rg6+ 61. Kf5 Rc6 62. Rh1 h6 63. Bf4 Bf8 64. Rb1 b6 65. Be3 Bc5 66. Bf4 Kd7 67. Rb5 Bf8 68. Be3 Bc5 69. Bf4 Rc8 70. Bxh6 Kc6 71. Rb1 Ra8 72. Ke4 Rxa4+ 73. Kd3 Kd5 74. Bd2 Rh4 75. Rf1 Rh3+ 76. Kc2 Kc4 77. Rf6 b5 78. Rh6 Rg3 79. Rh4+ Bd4 80. Ba5 Rg2+ 81. Kb1 b4 (81... Kd5 {is more complex.} 82. Rh5+ Kc6 83. Rh6+ Kb7 84. Rh5 Ka6) 82. Bxb4 Rb2+ 83. Kc1 Rxb4 $11 {KRB-KR} 84. Rh2 $1 Ra4 85. Rc2+ Bc3 {[%cal Ra4a1]} 86. Kd1 Kb3 87. Rg2 Re4 {[%csl Gc3][%cal Re4e1]} 88. Rg1 Re3 89. Rf1 Kc4 90. Rf2 Kb3 {[%csl Gc3][%cal Re3e1]} (90... Rd3+ {seems wilder.} 91. Kc2 Rd7 92. Rf4+ Bd4 93. Rg4 Rd5) 91. Rf1 Bb4 92. Rg1 Kc3 93. Re1 {The position is equal.} Rd3+ 94. Ke2 Rh3 95. Rf1 Kc2 96. Rf3 Rh4 97. Rf2 Bc5 98. Rg2 Rf4 99. Rh2 Bd4 100. Rg2 (100. Rh3 {keeps more tension.} Re4+ 101. Kf1 Kd2 102. Rh5 Rg4 103. Rg5) 100... Kc3 101. Rg3+ Kc4 102. Rg2 Kd5 103. Kd3 Rf3+ 104. Ke2 Re3+ 105. Kd2 Kc4 106. Rg8 Re7 107. Rc8+ Bc5 108. Kd1 Rf7 109. Ke1 Rf5 110. Ke2 Kc3 111. Rc7 Kc4 112. Rc8 Rf2+ 113. Ke1 Rg2 114. Kf1 Rc2 115. Rd8 Kc3 116. Ke1 Ra2 117. Rc8 Kd4 118. Kf1 $1 Bb6 119. Rc6 Rb2 120. Rc8 Kd3 {( -> ...Rf2+)} 121. Rf8 $1 Bd4 (121... Rh2 {looks sharper.} 122. Rb8 Be3 123. Rb3+ Ke4 124. Ke1 Rc2) 122. Rf7 Rb1+ 123. Kg2 Rg1+ 124. Kh3 Ke4 125. Rb7 Rg8 126. Rb4 Ke5 127. Ra4 Ke4 128. Rb4 Ke3 129. Kh4 Be5 130. Ra4 Bf4 131. Ra3+ Ke4 132. Ra4+ Kf5 {[%cal Rg8h8]} 133. Ra5+ Be5 {[%cal Rg8h8]} 134. Kh3 Rg3+ {Accuracy: White = 71%, Black = 62%.} 1/2-1/2

[Event "Lozovatsky Memorial-A 2019"]
[Site "Chelyabinsk"]
[Date "2019.01.17"]
[Round "6"]
[White "Bezgodov, Alexei"]
[Black "Slizhevsky, Alexander"]
[Result "1-0"]
[WhiteElo "2441"]
[BlackElo "2428"]
[Annotator "TA"]
[PlyCount "62"]
[EventDate "2019.01.12"]
[EventType "tourn"]
[EventCountry "RUS"]
[SourceTitle "playchess.com"]
[Source "ChessBase"]
[SourceQuality "1"]

{[%evp 19,62,-32,-30,-37,37,38,68,71,67,68,82,38,43,43,45,45,43,51,52,0,510,510,482,482,475,475,475,475,475,475,475,475,665,648,878,862,879,864,29948,11987,6427,6427,6275,6275,5697]} 1. e4 c5 2. Nf3 d6 3. d4 cxd4 4. Nxd4 Nf6 5. Nc3 a6 6. Bc4 e6 7. Bb3 Nbd7 8. f4 Nc5 9. e5 dxe5 10. fxe5 Nfd7 $1 {LiveBook: 77 Games} 11. Be3 {B86: Sicilian Scheveningen/Najdorf: 6 Bc4, without early ...b5} Qa5 $146 ({Black should play} 11... Nxe5 $15 12. Qe2 Bd7) ({Predecessor:} 11... Nxe5 12. Qh5 Bd6 13. O-O-O O-O 14. Kb1 Nxb3 15. axb3 Qe8 16. Nf3 g6 17. Qh3 Nxf3 18. Rxd6 {1-0 (27) Chigaev,M (2497)-Fedoseev,V (2674) St Petersburg 2015}) 12. O-O $14 Nxe5 13. Qh5 {White is slightly better.} Bd6 14. Rad1 O-O $1 15. Nxe6 {[%mdl 64] [#] Discovered Attack} Bxe6 16. Rxd6 {Black must now prevent Bxe6.} Nxb3 17. axb3 Bg4 18. Qh4 $1 $36 {[%cal Rh4g3][%mdl 2048] Qg3 is the strong threat. White is more active.} Qc7 19. Rh6 (19. Rd2 $1 $14 Be6 20. Ne4) 19... gxh6 $4 {[%mdl 8192]} (19... Qd8 $1 $11 20. Rxh7 Qxh4 21. Rxh4 f5) 20. Nd5 $18 Qd6 21. Nf6+ Kh8 {aiming for ...Rg8!} 22. Qxh6 {[%csl Gf6][%cal Rh6h7]} Bf5 23. Rxf5 {[%csl Gf6][%cal Rh6h7]} Qd1+ 24. Rf1 {[%csl Gf6][%cal Rh6h7]} Qxc2 25. Bd4 ({Inferior is} 25. Nh5 Qg6 $17) 25... Qg6 26. Qh4 Rfe8 {If only Black now had time for ...Re6....} 27. Qf4 Re6 28. Bxe5 Rc8 29. Ng4+ Kg8 {[#]White is clearly winning.} 30. Nh6+ $1 {[%mdl 576] Double Attack} Kf8 (30... Qxh6 31. Qxf7#) 31. Nxf7 {White threatens Nh8+ and mate.} Ke8 {Accuracy: White = 75%, Black = 41%.} 1-0

[Event "Lozovatsky Memorial-A 2019"]
[Site "Chelyabinsk"]
[Date "2019.01.17"]
[Round "6"]
[White "Simantsev, Mikhail"]
[Black "Drygalov, Sergey"]
[Result "1/2-1/2"]
[WhiteElo "2401"]
[BlackElo "2442"]
[Annotator "TA"]
[PlyCount "106"]
[EventDate "2019.01.12"]
[EventType "tourn"]
[EventCountry "RUS"]
[SourceTitle "playchess.com"]
[Source "ChessBase"]
[SourceQuality "1"]

{[%evp 29,106,129,112,0,0,0,0,0,0,0,0,0,0,0,86,14,20,0,0,0,0,0,0,-95,0,0,0,0,0,-62,-57,-56,-56,-55,-8,-8,0,-36,0,0,0,0,0,0,0,0,0,0,0,0,0,0,0,0,0,0,0,0,0,0,0,0,0,0,0,0,0,0,0,0,0,0,0,0,0,0,0,0,0]} 1. d4 Nf6 2. c4 e6 3. Nf3 b6 4. g3 Ba6 5. Qa4 Bb7 6. Bg2 c5 7. dxc5 bxc5 8. O-O Be7 9. Nc3 O-O 10. Rd1 Qb6 11. Bf4 d6 12. Rd2 Rd8 {E15: Queen's Indian: 4 g3 sidelines, 4 g3 Ba6 and 4 g3 Bb7 early deviations} 13. Rad1 Nc6 (13... Ne8 14. Nb5 Na6 15. Bg5 f6 16. Bf4 Nac7 17. Bh3 f5 18. Nc3 h6 19. Ne1 Nf6 {½-½ (75) Artemiev,V (2621)-Zhigalko,S (2671) Yerevan 2014}) 14. Bxd6 Bxd6 15. Rxd6 Qxb2 {[#] LiveBook: 3 Games} 16. Ne4 $146 (16. Rxd8+ $16 Rxd8 17. Rxd8+ Nxd8 18. Qd1) ({Predecessor:} 16. Qb5 Qxb5 17. cxb5 Rxd6 18. Rxd6 Nb4 19. Ne5 Bxg2 20. Kxg2 Kf8 21. e4 a6 22. b6 Rb8 23. a3 Nc2 24. Na4 Nxe4 25. Rd7 Nd4 26. Rxd4 {1-0 (26) Goloshchapov,A (2563)-Chuchelov,V (2544) Germany 2008}) 16... Nd4 $11 ({Weaker is} 16... Nxe4 17. Rxd8+ Rxd8 18. Rxd8+ Nxd8 19. Qe8#) 17. Rxd8+ Rxd8 18. Nxf6+ gxf6 19. Nxd4 Rxd4 20. Rxd4 cxd4 21. Qxa7 Qa1+ 22. Bf1 Be4 23. Qb8+ Kg7 24. Qf4 Bg6 25. Qd6 e5 {[#] Strongly threatening ...Bf5.} 26. f3 (26. g4 $11 {remains equal.}) 26... Qxa2 ({Black should try} 26... Qc3 $17 {White must now prevent ...e4.} 27. Qd5 Bf5) 27. c5 Qa3 28. Kg2 h5 29. Qd5 ({White should play} 29. h3 $11) 29... Bf5 $15 30. c6 Qc1 31. Kf2 $1 Qe3+ (31... Qc2 $5 {[%cal Rd4d3]} 32. Kg1 Qd2 $15) 32. Kg2 Qc1 33. Kf2 $1 Be6 (33... Qc2 $5 {[%cal Rd4d3]} 34. Kg1 Qb1 $15) 34. Qd6 {[#]The position is equal.} h4 $1 {[%mdl 512]} 35. gxh4 Qf4 36. Kg1 Qxh4 37. c7 {Threatens to win with Qxe6!} Qg5+ 38. Kf2 {And now Qxe6! would win.} Qe3+ 39. Kg2 {Qxe6! is the strong threat.} Qc1 40. Kf2 Qc3 41. Kg2 Kg6 42. Qf8 Kh7 43. Qe7 Kg7 44. Qd6 Bf5 45. Qd8 Qc5 46. h4 Qc1 47. Kf2 Qe3+ 48. Kg2 Qc1 49. Kf2 Be6 50. Kg2 Bf5 51. Kf2 Qf4 52. c8=Q {Intending Qh8+ and mate.} Qxh4+ 53. Kg1 {White threatens Qg8+ and mate.} Qg3+ {Accuracy: White = 80%, Black = 73%.} 1/2-1/2